|
|
|
|
| LEADER |
00792nam a22002051 4500 |
| 001 |
c000205963 |
| 003 |
CARM |
| 005 |
20021125002000.0 |
| 008 |
851211s1966 gw 1 ger d |
| 019 |
1 |
|
|a 4164809
|5 LACONCORD2021
|
| 035 |
|
|
|a (OCoLC)942889
|5 LACONCORD2021
|
| 100 |
1 |
|
|a Mann, Thomas,
|d 1875-1955.
|
| 245 |
1 |
4 |
|a Die Entstehung des Doktor Faustus :
|b Roman eines Romans.
|
| 260 |
|
|
|a Frankfurt am Main :
|b S.Fischer,
|c 1966.
|
| 490 |
1 |
|
|a Stockholmer Gesamtausgabe der Werke von T.Man / (Mann, Thomas
|
| 500 |
|
|
|a First pub. 1949.
|
| 852 |
8 |
|
|b CARM
|h A2:AK21A0
|i A03056
|p 0284565
|f BK
|
| 082 |
0 |
4 |
|a 833.9
|
| 999 |
f |
f |
|i cc1b9d69-81ed-52b7-95e1-21cf84fb9e49
|s 0d6b5688-291f-5a4e-bef1-880acea8f539
|
| 952 |
f |
f |
|p Can circulate
|a CAVAL
|b CAVAL
|c CAVAL
|d CARM 1 Store
|e A03056
|f A2:AK21A0
|h Other scheme
|i book
|m 0284565
|